Multidimentional reading of the dynamics of rural intensification in China (Registro nro. 12641)

Detalles MARC
000 -CABECERA
Campo de control 006400000a22001930004500
090 ## - CLASIFICACIÓN LOCAL
Colección AR
Consecutivo 03591
041 0# - IDIOMA
Código de idioma para texto/pista de sonido o título separado
100 1# - ASIENTO PRINCIPAL--NOMBRE PERSONAL
Nombre personal Giampietro, Mario
245 10 - MENCION DE TITULO
Título Multidimentional reading of the dynamics of rural intensification in China
Version the amoeba approach
500 ## - NOTA GENERAL
Nota general <Colección uso y valoración>
650 14 - ASIENTO SECUNDARIO DE MATERIA - TERMINO TEMATICO
Término temático o nombre geográfico como elemento de entrada Análisis de sistemas
650 14 - ASIENTO SECUNDARIO DE MATERIA - TERMINO TEMATICO
Término temático o nombre geográfico como elemento de entrada Sistemas de producción
650 14 - ASIENTO SECUNDARIO DE MATERIA - TERMINO TEMATICO
Término temático o nombre geográfico como elemento de entrada Agroecosistemas
650 14 - ASIENTO SECUNDARIO DE MATERIA - TERMINO TEMATICO
Término temático o nombre geográfico como elemento de entrada Sostenibilidad
651 #4 - ASIENTO SECUNDARIO DE MATERIA - NOMBRE GEOGRAFICO
-- China
700 1# - ASIENTO SECUNDARIO - NOMBRE PERSONAL
Nombre personal Pastore, Gianni
773 1# - Item fuente:
Título Critical Reviews in Plant Sciences
Descripción física 3
Paginas del Articulo 299-329
Lugar, editorial y fecha de publicación 1999
Información sobre la relación 18
942 ## - ELEMENTOS ADICIONALES (KOHA)
Tipo de ítem Artículo
Existencias
Withdrawn status Lost status Damaged status No para préstamo Colección Ubicación Permanente Ubicación actual Fecha de adquisición Fuente de Valor Datos de publicación Seriada Total Checkouts Número topográfico Inventario / Código de Barras Date last seen Ejemplar Price effective from Forma de adquisición Tipo de material
      No para Préstamo Hemeroteca Bogotá Bogotá 27/02/2015 Cavelier, Inés Fuera de circulación   AR 03591 017148 25/03/2015 1 25/03/2015   Artículo